00864nam a22002177a 4500003000500000005001700005008004100022010001100063011001100074035001100085040000900096100003200105245021400137260004000351500006000391502007700451650001700528650001300545650002400558856006400582CHAP20220329143841.0120120s2011 mx r 00010 spa d a102759 a103731 a114420 cCHAP1 aGregorio Antonio, Margarito10aReacción de familias de medios hermanos maternos de maíz derivadas de la variedad CAFIME SM17 a la inoculación con huitlacoche [Ustilago maydis (D.C.) Cda.]h[En línea]c/por Margarito Gregorio Antonio aChapingo, Méx. :bEl autor,c2011 aPara ver el contenido del material haga clic en la liga aTesis (Ing. Agr. Esp. en Fitotecnia) -- UACH. Departamento de Fitotecnia14aCuitlacoche.14aFamilia.14aMaízxVariedades. 3Finding aiduhttp://10.13.5.2/tesis/114420.pdfzTeclea aqui